000 00472nam a2200181Ia 4500
005 20250508161815.0
008 008 250505s9999 xx 000 0 eng d
037 _aTextual
040 _aFEDL
_beng
_cFEDL
041 _aeng
_2eng
084 _a910.4, FIS
_qFEDL
100 _aFisher James
245 0 _aAdventure of the world
260 _aLondon, UK
_bRathbone Book
_c1954
300 _a65p.
942 _cTEXL
_h910.4, FIS
999 _c1372329
_d1372329